Africa's experience with structural adjustment: proceedings of the harare seminar, May 23-24, 1994 (Record no. 83826)
[ view plain ]
| 000 -LEADER | |
|---|---|
| fixed length control field | 00848nam a2200169 a 4500 |
| 008 - FIXED-LENGTH DATA ELEMENTS--GENERAL INFORMATION | |
| fixed length control field | 080226s1995 ||||||||||||||||| || u |
| 050 ## - LIBRARY OF CONGRESS CALL NUMBER | |
| Classification number | IBRD(08)DP |
| 245 00 - TITLE STATEMENT | |
| Title | Africa's experience with structural adjustment: proceedings of the harare seminar, May 23-24, 1994 |
| Statement of responsibility, etc. | Edited by Kapoor, Kapil |
| 260 ## - PUBLICATION, DISTRIBUTION, ETC. | |
| Place of publication, distribution, etc. | Washington, D. C. |
| Name of publisher, distributor, etc. | World Bank |
| Date of publication, distribution, etc. | 1995 |
| 300 ## - PHYSICAL DESCRIPTION | |
| Extent | vii, 142p. :ill. |
| 350 ## - | |
| -- | 0.00 |
| 490 ## - | |
| -- | World Bank Discussion Papers |
| 650 ## - SUBJECT ADDED ENTRY--TOPICAL TERM | |
| Topical term or geographic name entry element | STRUCTURAL ADJUSTMENT (ECONOMIC POLICY)--AFRICA |
| 650 #0 - SUBJECT ADDED ENTRY--TOPICAL TERM | |
| Topical term or geographic name entry element | ECONOMICS |
| 995 ## - | |
| -- | SPECIAL COLLECTIONS |
| -- | 0.00 |
| -- | 024319 |
| -- | CBU-MAIN LIBRARY (Kitwe) |
| -- | 1 |
| -- | 0.00 |
| -- | IBRD(08)DP/288A |
| -- | 1 |
| -- | AVAILABLE |
| -- | Feb 26, 2008 |
| -- | 024319 |
| -- | International Publications |
| 995 ## - | |
| -- | SPECIAL COLLECTIONS |
| -- | 0.00 |
| -- | 028216 |
| -- | CBU-MAIN LIBRARY (Kitwe) |
| -- | 1 |
| -- | 0.00 |
| -- | IBRD(08)DP/288B |
| -- | 1 |
| -- | AVAILABLE |
| -- | Feb 26, 2008 |
| -- | 028216 |
| -- | International Publications |
| 999 ## - | |
| -- | 83826 |
| -- | 83826 |
| Withdrawn status | Lost status | Source of classification or shelving scheme | Damaged status | Not for loan | Permanent Location | Current Location | Shelving location | Date acquired | Total Checkouts | Full call number | Barcode | Date last seen | Copy number | Price effective from | Koha item type |
|---|---|---|---|---|---|---|---|---|---|---|---|---|---|---|---|
| CBU-MAIN LIBRARY, KITWE. | CBU-MAIN LIBRARY, KITWE. | 01/08/2024 | IBRD(08)DP/288A | 024319 | 01/08/2024 | 1 | 01/08/2024 | SPECIAL COLLECTION | |||||||
| CBU-MAIN LIBRARY, KITWE. | CBU-MAIN LIBRARY, KITWE. | 01/08/2024 | IBRD(08)DP/288B | 028216 | 01/08/2024 | 2 | 01/08/2024 | SPECIAL COLLECTION |